[Event "28. Open Villa de Benasque 2008"]
[Site "Benasque  ESP"]
[Date "2008.07.11"]
[Round "9.6"]
[White "Gupta, Abhijeet"]
[Black "Levin, Felix"]
[Result "1/2-1/2"]
[WhiteElo "2551"]
[BlackElo "2564"]
[PlyCount "116"]
[EventDate "2008.07.03"]
[EventType "swiss"]
[EventRounds "10"]
[EventCountry "ESP"]
[Source "lmi"]
[SourceDate "2008.07.03"]

1. d4 d5 2. c4 c6 3. Nc3 Nf6 4. Nf3 e6 5. Bg5 Be7 6. e3 Nbd7 7. Bd3 h6 8. Bh4
O-O 9. O-O b6 10. Bg3 Bb7 11. Qe2 dxc4 12. Bxc4 b5 13. Bd3 b4 14. Na4 Qa5 15.
b3 c5 16. Rac1 Rac8 17. dxc5 Nxc5 18. Nxc5 Rxc5 19. e4 Nh5 20. Rxc5 Qxc5 21.
Be5 Bf6 22. Bxf6 Nxf6 23. Re1 Rd8 24. Bb1 Ng4 25. h3 Ne5 26. Nxe5 Qxe5 27. Qe3
Qd4 28. Qxd4 Rxd4 29. Rc1 Ba6 30. Kh2 g5 31. Kg3 Rd2 32. e5 Bb5 33. Kf3 a6 34.
Re1 Kg7 35. Ke3 Rb2 36. g3 h5 37. Kf3 a5 38. Ke3 a4 39. bxa4 Bxa4 40. f4 h4 41.
fxg5 hxg3 42. Rg1 Bc6 43. h4 Rh2 44. Rxg3 Rxh4 45. g6 Bd5 46. Rg1 fxg6 47. Bxg6
Kf8 48. Rf1+ Kg7 49. Rg1 Kh6 50. Bb1 Rh2 51. Kd4 Rb2 52. Kc5 Kh5 53. Kd6 Kh4
54. Bf5 exf5 55. Kxd5 Rxa2 56. e6 Re2 57. Kd6 f4 58. Rb1 Kg3 1/2-1/2

[Event "28. Open Villa de Benasque 2008"]
[Site "Benasque  ESP"]
[Date "2008.07.11"]
[Round "9.8"]
[White "Bhat, Vinay S"]
[Black "Ibrahimov, Rasul"]
[Result "1/2-1/2"]
[WhiteElo "2483"]
[BlackElo "2537"]
[PlyCount "98"]
[EventDate "2008.07.03"]
[EventType "swiss"]
[EventRounds "10"]
[EventCountry "ESP"]
[Source "lmi"]
[SourceDate "2008.07.03"]

1. d4 Nf6 2. c4 e6 3. Nc3 Bb4 4. e3 O-O 5. Bd3 c5 6. Nge2 d5 7. O-O cxd4 8.
exd4 dxc4 9. Bxc4 Nbd7 10. a3 Be7 11. Bf4 Nb6 12. Bb3 Bd7 13. Qd3 Bc6 14. Bc2
Rc8 15. Rac1 g6 16. Be5 Ng4 17. Bg3 Nd5 18. Rfe1 Bd6 19. Ne4 Bxg3 20. Qxg3 Ngf6
21. Nc5 Nh5 22. Qg4 Qd6 23. Nd3 Nhf6 24. Qh4 Bb5 25. Bb1 Kg7 26. f3 Qb6 27. Nc5
Bxe2 28. Rxe2 Qd6 29. Rd1 b6 30. Ne4 Qf4 31. Qe1 Rfd8 32. Nf2 Qd6 33. Red2 Rc7
34. Qe5 Qxe5 35. dxe5 Nd7 36. Re2 Rdc8 37. Ba2 Rc2 38. Rxc2 Rxc2 39. Bxd5 exd5
40. Rxd5 Nxe5 41. Rxe5 Rc1+ 42. Nd1 Rxd1+ 43. Kf2 Kf6 44. Re8 Rd3 45. Re3 Rd1
46. Re8 Rd2+ 47. Re2 Rd5 48. Ke1 Rd3 49. Rc2 h5 1/2-1/2

[Event "28. Open Villa de Benasque 2008"]
[Site "Benasque  ESP"]
[Date "2008.07.12"]
[Round "10.7"]
[White "Bhat, Vinay S"]
[Black "Gupta, Abhijeet"]
[Result "1/2-1/2"]
[WhiteElo "2483"]
[BlackElo "2551"]
[PlyCount "64"]
[EventDate "2008.07.03"]
[EventType "swiss"]
[EventRounds "10"]
[EventCountry "ESP"]
[Source "lmi"]
[SourceDate "2008.07.03"]

1. d4 Nf6 2. c4 g6 3. Nc3 d5 4. Bf4 Bg7 5. e3 c5 6. dxc5 Qa5 7. Rc1 dxc4 8.
Bxc4 O-O 9. Nge2 Qxc5 10. Qb3 Nc6 11. Nb5 Qh5 12. Ng3 Qh4 13. Nc7 e5 14. Bg5
Qxg5 15. Nxa8 e4 16. O-O h5 17. Nc7 h4 18. Ne2 Bh3 19. Nf4 Bxg2 20. Nce6 Qg4
21. Nxg2 h3 22. Nef4 Ne5 23. Be2 Nf3+ 24. Kh1 hxg2+ 25. Nxg2 g5 26. Rc4 Qh3 27.
Bxf3 exf3 28. Rg1 fxg2+ 29. Rxg2 Rd8 30. Rc7 Qh5 31. Qxb7 Ng4 32. Rc1 Rd1+
1/2-1/2